书目信息 |
| 题名: |
美国的故事
|
|
| 作者: | 颜玉强 , 常绍民 主编 ;刘宗亚 译 | |
| 分册: | ||
| 出版信息: | 石家庄 河北教育出版社 2002.07 |
|
| 页数: | 367页 | |
| 开本: | 23cm | |
| 丛书名: | 房龙的书 | |
| 单 册: | ||
| 中图分类: | K712.0 | |
| 科图分类: | ||
| 主题词: | 历史--li shi | |
| 电子资源: | ||
| ISBN: | 7-5434-4588-3 | |
| 000 | 01016nam 2200301 450 | |
| 001 | 012008522491 | |
| 005 | 20080425170703.56 | |
| 010 | @a7-5434-4588-3@dCNY30.90 | |
| 100 | @a20080425d2002 km y0chiy0120 ea | |
| 101 | 1 | @achi@ceng |
| 102 | @aCN@b130000 | |
| 105 | @aa z 000fy | |
| 106 | @ar | |
| 200 | 1 | @a美国的故事@Amei guo de gu shi@f颜玉强, 常绍民主编@Fyan yu qiang,chang shao min zhu bian@g刘宗亚等译@Gliu zong ya deng yi |
| 210 | @a石家庄@c河北教育出版社@d2002.07 | |
| 215 | @a367页@c插图@d23cm | |
| 225 | 2 | @a房龙的书@Afang long de shu |
| 330 | @a本书采用通俗的笔法,以讲故事的形式,穿插许多人物的具体事件具体细节,亦详亦简地叙述美国二战以前的历史。 | |
| 410 | 0 | @12001 @a房龙的书 |
| 606 | 0 | @a历史@Ali shi |
| 607 | @a美国@Amei guo@x历史 | |
| 607 | @a美国@Amei guo | |
| 690 | @aK712.0@v4 | |
| 701 | 0 | @a颜玉强@Ayan yu qiang@4主编 |
| 701 | 0 | @a常绍民@Achang shao min@4主编 |
| 702 | 0 | @a刘宗亚@Aliu zong ya@4译 |
| 801 | 0 | @aCN@bQSSK@c20080425 |
| 905 | @b20705116-18@dK712.0@eY110@f3 | |
| 美国的故事/颜玉强, 常绍民主编/刘宗亚等译.-石家庄:河北教育出版社,2002.07 |
| 367页:插图;23cm.-(房龙的书) |
| ISBN 7-5434-4588-3:CNY30.90 |
| 本书采用通俗的笔法,以讲故事的形式,穿插许多人物的具体事件具体细节,亦详亦简地叙述美国二战以前的历史。 |
| ● |
| 相关链接 |
|
|
|
正题名:美国的故事
索取号:K712.0/Y110
 
预约/预借
| 序号 | 登录号 | 条形码 | 馆藏地/架位号 | 状态 | 备注 |
| 1 | 705116 | 207051161 | 社科库309/309社科库 41排3列2层/ [索取号:K712.0/Y110] | 在馆 | |
| 2 | 705117 | 207051170 | 社科库309/309社科库 41排3列2层/ [索取号:K712.0/Y110] | 在馆 | |
| 3 | 705118 | 207051189 | 社科库309/309社科库 41排3列2层/ [索取号:K712.0/Y110] | 在馆 |